Online Catalogue and eLibrary

When was modernism : (Record no. 3076)

MARC details
000 -LEADER
fixed length control field 00457nam a2200181Ia 4500
005 - DATE AND TIME OF LATEST TRANSACTION
control field 20240919013426.0
008 - FIXED-LENGTH DATA ELEMENTS--GENERAL INFORMATION
fixed length control field 240331s9999 xx 000 0 und d
020 ## - INTERNATIONAL STANDARD BOOK NUMBER
ISBN 8185229147
082 ## - DDC Classification
Item Number - Author Mark KAP
Class No. 708
100 ## - MAIN ENTRY--PERSONAL NAME
Personal name Kapur, G
245 #0 - TITLE STATEMENT
Title When was modernism :
Remainder of title essays on contemporary cultural practice in India
260 ## - PUBLICATION, DISTRIBUTION, ETC.
Place of publication, distribution, etc. New Delhi
Name of publisher, distributor, etc. Tulika
Date of publication, distribution, etc. 2000
300 ## - PHYSICAL DESCRIPTION
Extent (e.g. Volumes, Pages etc.) xv, 439 p .,
650 ## - SUBJECT ADDED ENTRY--TOPICAL TERM
Topical term or geographic name entry element Women
650 ## - SUBJECT ADDED ENTRY--TOPICAL TERM
Topical term or geographic name entry element Artwork
650 ## - SUBJECT ADDED ENTRY--TOPICAL TERM
Topical term or geographic name entry element Culture
942 ## - Koha item type (Biblio)
Koha item type Books in Stacks (Lending)
Holdings
Lost status Damaged status Collection code Home library Current library Shelving location Date acquired Full call number Accession Number Item type
    Lending WERC Library WERC Library Social Science Cupboard 03/31/2024 708 KAP 4637 Books in Stacks (Lending)

© WERC Library